UBT Library

Adobe Photoshop CS3 / (Record no. 1384)

000 -LEADER
fixed length control field 00620nam a22002057a 4500
008 - FIXED-LENGTH DATA ELEMENTS--GENERAL INFORMATION
fixed length control field 151124b xxu||||| |||| 00| 0 eng d
020 ## - INTERNATIONAL STANDARD BOOK NUMBER
International Standard Book Number 9780321492029
020 ## - INTERNATIONAL STANDARD BOOK NUMBER
International Standard Book Number 0321492021
041 0# - LANGUAGE CODE
Language code of text/sound track or separate title eng
080 ## - UNIVERSAL DECIMAL CLASSIFICATION NUMBER
Universal Decimal Classification number 004.415
100 1# - Rafti
Rafti Faulkner, Andrew.
245 10 - TITLE STATEMENT
Title Adobe Photoshop CS3 /
Statement of responsibility, etc [authors, Andrew Faulkner and Judy Walthers von Alten].
260 ## -
-- San Jose, Calif. :
-- AdobePress,
-- 2007.
300 ## -
-- xii, 478 f. :
-- me il.;
-- 23 cm.
490 0# -
-- Classroom in a book
650 #0 -
-- Adobe Photoshop
650 #0 -
-- Fotografi
-- Teknikat digjitale
700 1# -
-- Walthers von Alten, Judith.
942 ## - ADDED ENTRY ELEMENTS (KOHA)
Source of classification or shelving scheme
Item type Books
Holdings
Withdrawn status Lost status Source of classification or shelving scheme Damaged status Not for loan Collection code Permanent location Current location Shelving location Date acquired Total Checkouts Full call number Barcode Date last seen Koha item type
          Koleksioni i përgjithshem UBT - Lipjan UBT - Lipjan Koleksioni i përgjithshem 11/24/2015   004.415 FAU 002-008649 11/24/2015 Books
UBT Library © 2015-2024. All rights reserved University Education for Business and Technology